Missing Word: 4-Letter Words in UK Albums Quiz Stats

 Plays Quiz Updated Nov 13, 2019

Score 0/18 Timer 02:30
12 Plays Today
Album name Missing Word % Correct
A ___ Day's Night (1964)Hard
97%
Heaven and ___ (1980)Hell
94.7%
The Dark ___ of the Moon (1973)Side
93.3%
Feels So ___ (2002)Good
87.3%
Brothers in ___ (1985)Arms
75.2%
The Queen Is ___ (1986)Dead
75.1%
Be ___ Now (1997)Here
63.5%
You've Come a Long Way, ___ (1998)Baby
62.6%
Exile on ___ St. (1972)Main
57.4%
Album name Missing Word % Correct
A ___ Full of Dreams (2015)Head
55.1%
___ to the Thief (2003)Hail
53.2%
A ___ of Magic (1986)Kind
49.2%
Houses of the ___ (1973)Holy
47.1%
Demon ___ (2005)Days
30.8%
A Passion ___ (1973)Play
30.5%
Fear of the ___ (1992)Dark
28.7%
Behind the ___ (1990)Mask
25.1%
Deep Purple in ___ (1970)Rock
13.3%

Today's Daily Dose

Word Ladder
Antonym Clues IV

Quick Pick
Marsupials

Get the Picture
Big 4 'H' All-Stars

You're not logged in!

Compare scores with friends on all Sporcle quizzes.
OR
Log In

Sporcle TV

Today on Sporcle TV


Watch our educational content, quiz creation guides, and fun videos on Sporcle TV.

Show Comments

Extras

Top Quizzes Today


Score Distribution

Your Account Isn't Verified!

In order to create a playlist on Sporcle, you need to verify the email address you used during registration. Go to your Sporcle Settings to finish the process.

Report this User

Report this user for behavior that violates our Community Guidelines.

Details: